| 000 | 00509nam a2200181Ia 4500 | ||
|---|---|---|---|
| 005 | 20250924120401.0 | ||
| 008 | 231207s9999 xx 000 0 und d | ||
| 020 | _a9788130702247 | ||
| 040 | _cPK-LaNCA | ||
| 082 |
_a780.7 _bELE |
||
| 100 | _aGiddings, Thaddeus(Editor) | ||
| 245 | 0 |
_aElementary Music _cEdited by Thaddeus Giddings |
|
| 260 |
_bCosmo Publications _aNew Delhi _c2006 |
||
| 500 | _aCosmo music education series | ||
| 546 | _aEnglish | ||
| 650 | _aMusic--Education., Music. | ||
| 942 | _cMUSIC | ||
| 999 |
_c27320 _d27320 |
||